banner koha

Influencia do numero de espermatozoides de jumento (Equus asinus)sobre a taxa de prenhez em eguas (Equus cabalus)inseminadas a fresco (Registro n. 55000)

MARC details
000 -LÍDER
campo de controle de tamanho fixo 00990nam a22003017a 4500
001 - NÚMERO DE CONTROLE
campo de controle BR9512204
003 - IDENTIFICADOR DO NÚMERO DE CONTROLE
campo de controle BR-BrBNA
005 - DATA E HORÁRIO DA ÚLTIMA TRANSAÇÃO
campo de controle 20230928095157.0
007 - CAMPO FIXO DE DESCRIÇÃO FÍSICA--INFORMAÇÃO GERAL
campo de controle de tamanho fixo ta
008 - CAMPO DE DADOS FIXOS--INFORMAÇÃO GERAL
campo de controle de tamanho fixo 230509b bl.||||| |||| 00| 0 por d
040 ## - FONTE DA CATALOGAÇÃO
Instituição da catalogação original BR-BrBNA
Idioma da catalogação por
Instituição que transcreveu o registro Biblioteca Nacional de Agricultura
041 ## - CÓDIGO DE IDIOMA
Código do idioma do texto/trilha sonora ou título diferente (Por)
072 ## - CÓDIGO DE CATEGORIA DE ASSUNTO
Código de Categoria de Assunto L10
Código do objeto 5120
090 ## - NÚMERO DE CHAMADA LOCAL
-- 5120 BR9512204
100 1# - ENTRADA PRINCIPAL--NOME PESSOAL
Nome pessoal Leite, S.V. de F.
110 1# - ENTRADA PRINCIPAL--NOME CORPORATIVO
Nome corporativo ou nome da jurisdição Universidade Federal de Minas Gerais, Belo Horizonte (Brasil). Escola de Veterinaria
Grau Universitário Tese (Mestre em Medicina Veterinaria)
245 1# - TÍTULO
Título Influencia do numero de espermatozoides de jumento (Equus asinus)sobre a taxa de prenhez em eguas (Equus cabalus)inseminadas a fresco
260 3# - PUBLICAÇÃO, DISTRIBUIÇÃO, ETC.
Local de publicação, distribuição, etc. Belo Horizonte, MG (Brasil):
Data da publicação, distribuição, etc. 1994.
300 ## - DESCRIÇÃO FÍSICA
Extensão 52 p.
500 ## - NOTA GERAL
Nota geral Summaries (Eng, Por); Bibliography p. 41-52
650 ## - ASSUNTO--TERMO TÓPICO
Cabeçalho tópico ou nome geográfico Jumento
650 ## - ASSUNTO--TERMO TÓPICO
Cabeçalho tópico ou nome geográfico Egua
650 ## - ASSUNTO--TERMO TÓPICO
Cabeçalho tópico ou nome geográfico Prenhez
650 ## - ASSUNTO--TERMO TÓPICO
Cabeçalho tópico ou nome geográfico Inseminacao Artificial
650 ## - ASSUNTO--TERMO TÓPICO
Cabeçalho tópico ou nome geográfico Semen
909 ## -
-- 202309
-- Lucia
-- 55
-- Lucia Elande
942 ## - ELEMENTOS DE ENTRADA ADICIONADOS (KOHA)
Tipo de material Koha Livros
Exemplares
Situação do descarte Fonte da classificação ou esquema de arquivamento na estante Situação física Não pode ser emprestado Coleção Biblioteca de origem Biblioteca atual Total de empréstimos Número de telefone completo Código de barras Data de último acesso Número do exemplar Tipo de material Koha Situação das perdas Data de aquisição Fonte de aquisição
  Classificação AGRIS       Biblioteca Nacional de Agricultura - Binagri Biblioteca Nacional de Agricultura - Binagri   5120 BR9512204 5120 BR9512204 25/09/2023 01 Livros   2023-09-25 Portaria Interministerial nº 164/94

BINAGRI

Telefone: (61)3218-2567/2388/3357/2097 - binagri@agro.gov.br

Ministério da Agricultura e Pecuária , Esplanada dos Ministérios, Bloco D, Anexo B, Brasília/DF, CEP: 70.043-900